|
|
|
|
| LEADER |
01181nam a2200337 a 4500 |
| 001 |
000768053 |
| 003 |
CZ BrMZK |
| 005 |
20050526084238.0 |
| 007 |
ta |
| 008 |
050329s2005 xr fr 000 0dcze d |
| 015 |
|
|
|a cnb001500337
|
| 020 |
|
|
|a 80-239-4498-3
|q (brož.)
|
| 035 |
|
|
|a (OCoLC)85137399
|
| 040 |
|
|
|a BOA001
|b cze
|
| 072 |
|
7 |
|a 72
|x Architektura
|2 Konspekt
|9 21
|
| 080 |
|
|
|a 72
|2 MRF
|
| 080 |
|
|
|a (082)
|2 MRF
|
| 100 |
1 |
|
|a Gebrian, Adam,
|d 1979-
|7 mzk2005274997
|4 aut
|
| 245 |
1 |
0 |
|a 29 + 3 :
|b sborník přednášek o architektuře (2002/2004) /
|c Adam Gebrian
|
| 246 |
3 |
3 |
|a Dvacet devět plus tři
|
| 260 |
|
|
|a Liberec :
|b Adam Gebrian,
|c 2005
|
| 300 |
|
|
|a 100 s. ;
|c 29 cm
|
| 500 |
|
|
|a 300 výt.
|
| 500 |
|
|
|a Dostupné též v digitální podobě v aplikaci Kramerius
|
| 650 |
0 |
7 |
|a architektura
|7 ph118586
|2 czenas
|
| 655 |
|
7 |
|a sborníky
|7 fd163935
|2 czenas
|
| 856 |
4 |
1 |
|u http://www.digitalniknihovna.cz/mzk/uuid/uuid:d9f1d220-554f-11e6-a5c5-005056827e51
|y Digitalizovaný dokument
|x NDK
|
| 910 |
|
|
|a BOA001
|b 3-1149.578
|
| 990 |
|
|
|a BK
|
| 991 |
|
|
|b 200505
|c NOV
|
| 996 |
6 |
|
|b 2610247728
|c 3-1149.578
|l MZK
|r Sklad / do 1 hodiny
|n 10
|p p.v.
|w 000768053
|u 000010
|a 1
|e BOA001
|j MZK50
|s P
|